000 00318 a2200157 4500
001 173659
020 _a
040 _cMagnum
100 _aCampos, Mariluiza
240 1 0 _aO segredo da coruja
_lpor
245 1 0 _aO segredo da coruja
362 0 _a1899
440 1 _aPaulinas
697 _aIJ/GERAL
942 _cBK
999 _c173659
_d173659